000
00347nam a2200133Ia 4500
008
231129s9999||||xx |||||||||||||| ||spa||
020
_a
84-8280-746-3
040
_b
spa
082
_a
833 W995r
100
_a
Wyss Johann Rudolf
245
0
_a
El robinson suizo
264
_a
La Oveja Negra
942
_2
ddc
_c
BKS
999
_c
12345
_d
12345